Management and morale

Sparad:
Bibliografiska uppgifter
Huvudupphovsman: Roethlisberger, F. J.
Materialtyp: Bok
Språk:Undetermined
Publicerad: New York Cambridge 1941
Ämnen:
Taggar: Lägg till en tagg
Inga taggar, Lägg till första taggen!
Thư viện lưu trữ: Trung tâm Học liệu Trường Đại học Cần Thơ
LEADER 00449nam a2200169Ia 4500
001 CTU_78892
008 210402s9999 xx 000 0 und d
082 |a 658.3 
082 |b R719 
100 |a Roethlisberger, F. J. 
245 0 |a Management and morale 
245 0 |c F. J. Roethlisberger 
260 |a New York 
260 |b Cambridge 
260 |c 1941 
650 |a Personnel management 
980 |a Trung tâm Học liệu Trường Đại học Cần Thơ